| 000 | 00665nam a2200205 4500 | ||
|---|---|---|---|
| 001 | 136473 | ||
| 003 | ES-MaACL | ||
| 005 | 20250902075149.0 | ||
| 007 | t| | ||
| 008 | 070214s1967 sp |||| | spa d | ||
| 080 | _a959.7"1961/75" | ||
| 100 | 1 |
_aRussell, Bertrand, _d1872-1970 _9101033 |
|
| 245 | 1 | 0 |
_aCrímenes de guerra en Vietnam / _cBertrand Russell ; traducción del inglés por Manuel Aguilar. |
| 260 |
_aMadrid : _bAguilar, _c1967. |
||
| 300 |
_a235 p. ; _c21 cm. |
||
| 650 | 0 | 4 |
_aGuerra del Vietnam, 1961-1975. _913204 |
| 700 | 1 |
_aAguilar Muñoz, Manuel, _d1888-1965 _918738 |
|
| 852 |
_aES-MaACL _jC-33781 |
||
| 999 |
_c136473 _d136473 |
||